000 00429nam a2200121Ia 4500
008 220615s9999||||xx |||||||||||||| ||und||
100 _aLaakkonen, Mika
245 0 _aChapter Cognitive Stages in Rational Thinking - toward Human Technology
546 _aEnglish[eng]
650 _aHuman Technology||Rational Thinking||Models of Learning
856 _uhttps://library.oapen.org/bitstream/20.500.12657/55902/1/13953.pdf
942 _cEB
999 _c7815
_d7815